banner-ar

معجم تكنولوجيا الوسائل السمعية والبصرية انجليزى - عربى - مع مسرد عربى - انجليزى / (Record no. 59540)

MARC details
000 -الفاتح
حقل البيانات ثابتة الطول 00996nam a2200253Ia 4500
005 - وقت وتاريخ اخر تعامل مع التسجيلة
رقم الضبط 20240530110248.0
008 - عناصر البيانات ثابتة الطول - معلومات عامة
حقل البيانات ثابتة الطول 140319s9999 xx 000 0 ara d
040 ## - مصدر الفهرسة
وكالة الفهرسة الأصلية GCL /
وكالة النسخ GCL
082 04 - رقم تصنيف ديوى العشرى
رقم التصنيف م
رقم المادة 411.5
-- م م
100 1# - المدخل الرئيسى - إسم شخصى
الإسم الشخصى محمود اسماعيل صينى
245 10 - بيان العنوان
العنوان معجم تكنولوجيا الوسائل السمعية والبصرية انجليزى - عربى - مع مسرد عربى - انجليزى /
بيان المسئوليه,etc تاليف محمود اسماعيل صينى ، عمر الصديق عبدالله
260 ## - PUBLICATION, DISTRIBUTION, ETC. (IMPRINT)
تاريخ النشر أو التوزيع 1987
300 ## - الوصف المادى
التعداد 76ص ؛
أبعاد الوعاء 24 سم
490 ## - بيان السلسلة
عنوان السلسلة الاعمال الروائية
رقم المجلد/ التعيين التسلسلي 0
650 04 - المدخل الاضافى بالموضوع-مصطلح موضوعى
مصطلح موضوعي الاصوات اللغوية
650 04 - المدخل الاضافى بالموضوع-مصطلح موضوعى
مصطلح موضوعي اللغة العربية
650 04 - المدخل الاضافى بالموضوع-مصطلح موضوعى
مصطلح موضوعي التكنولوجيا
650 04 - المدخل الاضافى بالموضوع-مصطلح موضوعى
مصطلح موضوعي المعاجم
650 04 - المدخل الاضافى بالموضوع-مصطلح موضوعى
مصطلح موضوعي الوسائل السمعية والبصرية
650 04 - المدخل الاضافى بالموضوع-مصطلح موضوعى
مصطلح موضوعي المصطلحات
700 1# - المدخل الاضافى - اسم شخصى
الإسم الشخصى عمر الصديق عبدالله
942 ## - عناصر المدخل الإضافي( كوها)
مصدر التصنيف او مخطط الترفيف Dewey Decimal Classification
Koha [default] item type المراجع
260 ## - PUBLICATION, DISTRIBUTION, ETC. (IMPRINT)
-- [ بيروت] :
-- مكتبة لبنان ،
Holdings
حالة التراجع حالة الفقد حالة تلف ليس للاعارة المكان المؤقت الموقع الحالى تاريخ الاكتساب اجمالي اﻻعارات رقم الطلب الباركود تاريخ اخر مشاهدة تاريخ تفعيل السعر نوع وعاء كوها مصدر التصنيف او خطة الترفيف موقع الترفيف
        مكتبة القاهرة الكبرى مكتبة القاهرة الكبرى 03/26/2014   م\411.5\م م 156318 03/26/2014 03/26/2014 المراجع    
        مكتبة القاهرة الكبرى مكتبة القاهرة الكبرى 10/20/2022   411.5 / م م 168655 10/20/2022 10/20/2022 كتاب ddc  

Powered By

EGPV